| 000 | 00778nam a22002531i 4500 | ||
|---|---|---|---|
| 005 | 20210928114214.0 | ||
| 008 | 210906t2020 -uk |||g ||| 000 1 eng d | ||
| 020 |
_a9780241460795 _qpaperback _cRM 46.50 |
||
| 040 |
_aPPAK _beng _cPPAK _erda |
||
| 082 | 0 | 4 |
_223 _a813.6 |
| 090 | 0 | 0 |
_a813.6 _bBRA _dG |
| 100 | 1 |
_aBravo, Shay _eauthor. |
|
| 245 | 1 | 0 |
_aHISTORICALLY INACCURATE / _cSHAY BRAVO. |
| 264 | 1 |
_aLondon : _bPenguin Books, _c2020 |
|
| 264 | 4 | _c©2020 | |
| 300 |
_a508 pages ; _c20 cm |
||
| 336 |
_atext _2rdacontent |
||
| 337 |
_aunmediated _2rdamedia |
||
| 338 |
_avolume _2rdacarrier |
||
| 650 | 1 | 0 |
_aTeenage girls _vJuvenile fiction. |
| 650 | 2 | 0 |
_aDeportation _vJuvenile fiction. |
| 650 | 2 | 0 |
_aLoss (Psychology) in adolescence _vJuvenile fiction. |
| 942 |
_2ddc _cB |
||
| 999 |
_c184817 _d184817 |
||